[Event "GRE-chT 50th"]
[Site "Nikaia"]
[Date "2023.08.25"]
[Round "1.8"]
[White "Gkavardinas, Antonios"]
[Black "Rousos, Stamatios"]
[Result "1-0"]
[WhiteElo "2162"]
[BlackElo "1715"]
[PlyCount "67"]
[EventDate "2023.08.25"]
[EventType "team"]
[EventRounds "9"]
[EventCountry "GRE"]
[SourceTitle "EXT 2024"]
[Source "ChessBase"]
[SourceDate "2023.10.10"]
[SourceVersion "1"]
[SourceVersionDate "2023.10.10"]
[SourceQuality "1"]
[WhiteTeam "Evoiki ES"]
[BlackTeam "Ippotis Rodi"]
[WhiteTeamCountry "GRE"]
[BlackTeamCountry "GRE"]

1. e4 c5 2. Nf3 Nc6 3. Bb5 g6 4. Bxc6 dxc6 5. d3 Bg7 6. h3 Nf6 7. Nc3 Nd7 8. 0-0 e5 9. Be3 b6 10. Qd2 h6 11. a3 Nf8 12. b4 cxb4 13. axb4 Ne6 14. Na4 Nd4 15. Bxd4 exd4 16. e5 g5 17. c3 dxc3 18. Qxc3 Bd7 19. Nd4 0-0 20. Rfe1 Rc8 21. Nc2 c5 22. bxc5 Bxa4 23. Rxa4 Rxc5 24. Rc4 Rxc4 25. Qxc4 Qc8 26. Qb3 Qc7 27. d4 Rc8 28. Ne3 Qc3 29. Qd1 Qb2 30. Qa4 Rc1 31. Rxc1 Qxc1+ 32. Kh2 Qc7 33. Qe8+ Kh7 34. Nd5 1-0

[Event "GRE-chT 49th"]
[Site "Thessaloniki"]
[Date "2022.08.16"]
[Round "6"]
[White "Rousos, Stamatios"]
[Black "Georgakakis, Michail"]
[Result "1/2-1/2"]
[WhiteElo "1780"]
[BlackElo "1761"]
[PlyCount "59"]
[EventDate "2022.08.12"]
[EventType "team-swiss"]
[EventRounds "7"]
[EventCountry "GRE"]
[SourceTitle "EXT 2024"]
[Source "ChessBase"]
[SourceDate "2023.10.10"]
[SourceVersion "1"]
[SourceVersionDate "2023.10.10"]
[SourceQuality "1"]
[WhiteTeam "Asos Rodou Hippotis"]
[BlackTeam "Gaziou SA"]
[WhiteTeamCountry "GRE"]
[BlackTeamCountry "GRE"]

1. e4 d5 2. exd5 Nf6 3. Be2 Nxd5 4. d4 g6 5. c4 Nb6 6. Nf3 Bg7 7. 0-0 0-0 8. h3 Nc6 9. Be3 e5 10. d5 Ne7 11. Nc3 h6 12. Bc5 Re8 13. Nb5 Nf5 14. Qb3 Bd7 15. a4 Bxb5 16. axb5 e4 17. Ne1 Nd4 18. Qd1 Nxe2+ 19. Qxe2 f5 20. Ra2 g5 21. Nc2 Nd7 22. Bd4 Ne5 23. Rfa1 g4 24. Ra3 gxh3 25. Rxh3 Qg5 26. Kh1 Ng4 27. Bxg7 Kxg7 28. Nd4 Qf4 29. Rg3 Kh7 30. Nxf5 1/2-1/2

[Event "GRE-chT 49th"]
[Site "Thessaloniki"]
[Date "2022.08.15"]
[Round "5"]
[White "Rousos, Stamatios"]
[Black "Koukouvinos, Viktor"]
[Result "1/2-1/2"]
[WhiteElo "1780"]
[BlackElo "1743"]
[PlyCount "179"]
[EventDate "2022.08.12"]
[EventType "team-swiss"]
[EventRounds "7"]
[EventCountry "GRE"]
[SourceTitle "EXT 2024"]
[Source "ChessBase"]
[SourceDate "2023.10.10"]
[SourceVersion "1"]
[SourceVersionDate "2023.10.10"]
[SourceQuality "1"]
[WhiteTeam "Asos Rodou Hippotis"]
[BlackTeam "Volou SE"]
[WhiteTeamCountry "GRE"]
[BlackTeamCountry "GRE"]

1. e4 e5 2. Nf3 Nc6 3. Bb5 Nf6 4. d3 d6 5. c3 Be7 6. Nbd2 0-0 7. Nf1 a6 8. Ba4 b5 9. Bb3 d5 10. Qe2 Re8 11. Ng3 Na5 12. Bc2 c5 13. 0-0 dxe4 14. dxe4 Qc7 15. Nh4 Be6 16. b3 g6 17. f4 exf4 18. Bxf4 Qb6 19. Kh1 b4 20. Bg5 Ng4 21. Bxe7 Rxe7 22. Nhf5 Bxf5 23. Rxf5 Ne5 24. cxb4 cxb4 25. Rf4 Rc8 26. Rd1 Rc3 27. Bb1 Nac6 28. Rf6 Qa7 29. Qf2 Qc7 30. Qf4 Qa7 31. Rfd6 Re8 32. h3 Qe3 33. Qxe3 Rxe3 34. Kh2 Rc3 35. Ne2 Rc5 36. Nf4 h5 37. Nd5 Kg7 38. Nf6 Re7 39. Nd5 Re8 40. Nf6 Re7 41. Kg3 a5 42. Kf4 Rb7 43. g4 h4 44. Nd5 Rb8 45. Rf1 Re8 46. Kg5 Rh8 47. Rdf6 Nd4 48. Kf4 Rxd5 49. exd5 Kxf6 50. g5+ Ke7 51. Kxe5 Nb5 52. Bd3 Nd6 53. Rf6 Rh5 54. Kf4 Rh8 55. Kg4 Kd7 56. Bxg6 fxg6 57. Rxg6 Rh7 58. Re6 Rh8 59. g6 Nb5 60. Kg5 Nc7 61. Rb6 Nxd5 62. Ra6 Rg8 63. Kxh4 Nf4 64. Kg5 Nxh3+ 65. Kf6 Nf4 66. Rxa5 Nxg6 67. Kf7 Rf8+ 68. Kxg6 Rf2 69. Kg5 Kc6 70. Kg4 Kb6 71. Ra8 Kc5 72. Kg3 Rf7 73. Rc8+ Kb5 74. Rc2 Rf6 75. Rf2 Re6 76. Kf3 Kc5 77. Rc2+ Kb5 78. Re2 Rf6+ 79. Ke3 Re6+ 80. Kd3 Rd6+ 81. Kc2 Rd5 82. Kb2 Rh5 83. a3 bxa3+ 84. Kxa3 Rg5 85. Re8 Rf5 86. Rb8+ Ka5 87. b4+ Ka6 88. Ka4 Rf1 89. b5+ Ka7 90. Rd8 1/2-1/2

[Event "GRE-chT 49th"]
[Site "Thessaloniki"]
[Date "2022.08.14"]
[Round "4"]
[White "Galanis, Nikolaos Panagiotis"]
[Black "Rousos, Stamatios"]
[Result "0-1"]
[WhiteElo "1824"]
[BlackElo "1780"]
[PlyCount "112"]
[EventDate "2022.08.12"]
[EventType "team-swiss"]
[EventRounds "7"]
[EventCountry "GRE"]
[SourceTitle "EXT 2024"]
[Source "ChessBase"]
[SourceDate "2023.10.10"]
[SourceVersion "1"]
[SourceVersionDate "2023.10.10"]
[SourceQuality "1"]
[WhiteTeam "Eso Papafe Chronikon"]
[BlackTeam "Asos Rodou Hippotis"]
[WhiteTeamCountry "GRE"]
[BlackTeamCountry "GRE"]

1. e4 c5 2. Nf3 Nc6 3. d4 cxd4 4. Nxd4 Nf6 5. Nc3 e5 6. Ndb5 d6 7. a4 Be7 8. Bg5 a6 9. Bxf6 gxf6 10. Na3 f5 11. Qh5 Nd4 12. Bc4 0-0 13. 0-0 fxe4 14. Nd5 Bf5 15. c3 Bg6 16. Qh3 Ne6 17. Nc2 Bg5 18. Nce3 Kh8 19. Nf5 Qc8 20. Nfe3 Bxe3 21. Nxe3 Nf4 22. Qxc8 Raxc8 23. Rad1 Nd3 24. Rd2 f5 25. Bd5 f4 26. Nd1 Rc7 27. c4 Nb4 28. b3 b5 29. axb5 axb5 30. Nc3 bxc4 31. Bxc4 Rd8 32. Nb5 Rc6 33. g3 d5 34. gxf4 exf4 35. Rfd1 e3 36. fxe3 fxe3 37. Rg2 Be4 38. Rg3 Rg6 39. Rxg6 hxg6 40. Be2 Kg7 41. Nd4 Ra8 42. Nb5 Ra2 43. Nc3 Rc2 44. Nxe4 Rxe2 45. Ng3 Rd2 46. Re1 Nc2 47. Rb1 e2 48. Nxe2 Rxe2 49. b4 Re1+ 50. Rxe1 Nxe1 51. b5 Nd3 52. b6 Nc5 53. Kf2 Kf6 54. Ke3 Ke5 55. h4 d4+ 56. Kd2 Kf4 0-1

[Event "GRE-ch Univ Students online 1st"]
[Site "Tornelo INT"]
[Date "2022.05.28"]
[Round "4"]
[White "Kouskoutis, Georgios Alexandros"]
[Black "Rousos, Stamatios"]
[Result "1-0"]
[WhiteElo "2285"]
[BlackElo "1732"]
[PlyCount "69"]
[EventDate "2022.05.28"]
[EventType "swiss (rapid)"]
[EventRounds "9"]
[EventCountry "GRE"]
[SourceTitle "EXT 2024"]
[Source "ChessBase"]
[SourceDate "2023.10.10"]
[SourceVersion "1"]
[SourceVersionDate "2023.10.10"]
[SourceQuality "1"]

1. c4 e5 2. g3 Nc6 3. Bg2 Bc5 4. Nc3 a6 5. e3 d6 6. Nge2 Ba7 7. d4 Bg4 8. d5 Nb8 9. h3 Bh5 10. g4 Bg6 11. Ng3 Qh4 12. Qb3 Bb6 13. c5 dxc5 14. d6 Nd7 15. dxc7 Rc8 16. Nd5 Ba5+ 17. Bd2 Bxd2+ 18. Kxd2 Ne7 19. Qxb7 0-0 20. Nxe7+ Qxe7 21. Rhd1 c4 22. Ke1 Nc5 23. Qb6 Nd3+ 24. Kf1 Rxc7 25. Kg1 f5 26. gxf5 Bxf5 27. Rd2 Be6 28. Rf1 Rd7 29. Qxa6 Qf6 30. Qa5 Rdf7 31. b3 h5 32. bxc4 Bxc4 33. Qc3 Qa6 34. Ne4 Kh8 35. Rfd1 1-0

[Event "Rhodes Easter Cup"]
[Site "Rhodes"]
[Date "2022.04.28"]
[Round "8"]
[White "Skytte, Rasmus"]
[Black "Rousos, Stamatios"]
[Result "1-0"]
[WhiteElo "2357"]
[BlackElo "1732"]
[PlyCount "75"]
[EventDate "2022.04.21"]
[EventType "swiss"]
[EventRounds "9"]
[EventCountry "GRE"]
[SourceTitle "CBM 208 Extra"]
[Source "ChessBase"]
[SourceDate "2022.07.31"]
[SourceVersion "1"]
[SourceVersionDate "2022.07.31"]
[SourceQuality "1"]

1. e4 c5 2. Nf3 Nc6 3. Bc4 e6 4. 0-0 Nf6 5. Re1 Be7 6. e5 Nd5 7. d4 Nb6 8. Bb5 0-0 9. dxc5 Bxc5 10. Bg5 Qc7 11. Nc3 d6 12. Bxc6 Qxc6 13. Be7 d5 14. Bxf8 Bxf8 15. Ne2 Na4 16. Rb1 b5 17. Nfd4 Qb6 18. c3 Nc5 19. Ng3 b4 20. Re3 Bb7 21. cxb4 Qxb4 22. a3 Qb6 23. b4 Ne4 24. Nb3 Rd8 25. Nxe4 dxe4 26. Qe1 g6 27. Nc5 Bxc5 28. bxc5 Qc7 29. h4 h5 30. Rc1 Qc6 31. Qb4 Rd7 32. a4 a6 33. a5 Kg7 34. Qb6 Qa4 35. c6 Rd1+ 36. Rxd1 Qxd1+ 37. Kh2 Bc8 38. Rxe4 1-0

[Event "GRE-chT U16"]
[Site "Thessaloniki"]
[Date "2019.11.30"]
[Round "5.1"]
[White "Vrailas, Marios"]
[Black "Rousos, Stamatios"]
[Result "1/2-1/2"]
[WhiteElo "1351"]
[BlackElo "1747"]
[PlyCount "61"]
[EventDate "2019.11.28"]
[EventType "team-swiss"]
[EventRounds "6"]
[EventCountry "GRE"]
[SourceTitle "CBM 193 Extra"]
[Source "ChessBase"]
[SourceDate "2020.01.31"]
[SourceVersion "1"]
[SourceVersionDate "2020.01.31"]
[SourceQuality "1"]
[WhiteTeam "Glyfadas Zenon"]
[BlackTeam "Rodou Ippotis"]
[WhiteTeamCountry "GRE"]
[BlackTeamCountry "GRE"]

1. d4 Nf6 2. c4 e6 3. g3 d5 4. Nf3 Be7 5. Bg2 0-0 6. 0-0 b6 7. b3 Bb7 8. Nbd2 Nbd7 9. Bb2 Rc8 10. Rc1 c5 11. Re1 cxd4 12. Nxd4 Nc5 13. Qc2 Nce4 14. Nxe4 Nxe4 15. Red1 Qc7 16. Nb5 Qb8 17. Bxe4 dxe4 18. Rd7 Bg5 19. Qc3 f6 20. Ba3 Rfd8 21. Bd6 Qa8 22. Rxd8+ Rxd8 23. Bf4 Bxf4 24. gxf4 Qc8 25. Qe3 e5 26. fxe5 Qg4+ 27. Qg3 Qxe2 28. exf6 Rd1+ 29. Rxd1 Qxd1+ 30. Kg2 e3+ 31. f3 1/2-1/2

[Event "GRE-ch U16"]
[Site "Patras"]
[Date "2019.06.27"]
[Round "4.6"]
[White "Leftheriotis, Alexandros"]
[Black "Rousos, Stamatios"]
[Result "1/2-1/2"]
[WhiteElo "2053"]
[BlackElo "1741"]
[PlyCount "60"]
[EventDate "2019.06.25"]
[EventType "swiss"]
[EventRounds "9"]
[EventCountry "GRE"]
[SourceTitle "EXT 2020"]
[Source "ChessBase"]
[SourceDate "2019.10.17"]
[SourceVersion "1"]
[SourceVersionDate "2019.10.17"]
[SourceQuality "1"]
[WhiteTeam "Greece"]
[BlackTeam "Greece"]
[WhiteTeamCountry "GRE"]
[BlackTeamCountry "GRE"]

1. e4 c5 2. Nf3 Nc6 3. d4 cxd4 4. Nxd4 Nf6 5. Nc3 e5 6. Ndb5 d6 7. Bg5 a6 8. Na3 b5 9. Nd5 Be7 10. Bxf6 Bxf6 11. c3 0-0 12. Nc2 Bg5 13. a4 bxa4 14. Rxa4 a5 15. Bc4 Rb8 16. Ra2 Kh8 17. b3 f5 18. exf5 Bxf5 19. Nce3 Be6 20. 0-0 Qd7 21. Qd3 Qf7 22. Qe4 Rb7 23. f4 exf4 24. g3 f3 25. Raf2 Ne5 26. Nf4 Bxc4 27. bxc4 Bxf4 28. gxf4 Qxf4 29. Qxb7 Qxe3 30. Qe7 Kg8 1/2-1/2

[Event "GRE-chT 46th"]
[Site "Rio Achaia"]
[Date "2018.07.15"]
[Round "7.16"]
[White "Tzachristas, Georgios"]
[Black "Rousos, Stamatios"]
[Result "0-1"]
[WhiteElo "1191"]
[BlackElo "1700"]
[PlyCount "66"]
[EventDate "2018.07.10"]
[EventType "team"]
[EventRounds "7"]
[EventCountry "GRE"]
[SourceTitle "CBM 185 Extra"]
[Source "ChessBase"]
[SourceDate "2018.07.29"]
[SourceVersion "1"]
[SourceVersionDate "2018.07.29"]
[SourceQuality "1"]
[WhiteTeam "Ioannites Skakiston"]
[BlackTeam "Asos Rodou Hippotis"]
[WhiteTeamCountry "GRE"]
[BlackTeamCountry "GRE"]

1. e4 c5 2. Nc3 e6 3. f4 Nc6 4. Nf3 a6 5. d3 d5 6. Be2 Be7 7. 0-0 Nf6 8. e5 Nd7 9. Qe1 0-0 10. Qg3 f5 11. Qh3 d4 12. Nb1 Nb4 13. Bd1 b5 14. a3 Nd5 15. g4 Qb6 16. Kh1 Bb7 17. Rg1 c4 18. gxf5 Rxf5 19. Qh6 g6 20. Bd2 Ne3 21. Bxe3 dxe3 22. Be2 Nxe5 23. Rg3 Nxf3 24. Bxf3 Bxf3+ 25. Rxf3 Rh5 26. Qxh5 gxh5 27. Nc3 Qc6 28. Kg2 Kf7 29. Raf1 Rg8+ 30. Kh3 cxd3 31. cxd3 Ke8 32. Ne2 Qd5 33. Ng3 e2 0-1

[Event "GRE-chT 46th"]
[Site "Rio Achaia"]
[Date "2018.07.11"]
[Round "2.13"]
[White "Rousos, Stamatios"]
[Black "Blitsas, Orestis"]
[Result "1-0"]
[WhiteElo "1700"]
[BlackElo "1584"]
[PlyCount "67"]
[EventDate "2018.07.10"]
[EventType "team"]
[EventRounds "7"]
[EventCountry "GRE"]
[SourceTitle "CBM 185 Extra"]
[Source "ChessBase"]
[SourceDate "2018.07.29"]
[SourceVersion "1"]
[SourceVersionDate "2018.07.29"]
[SourceQuality "1"]
[WhiteTeam "Asos Rodou Hippotis"]
[BlackTeam "Alexandropulis Mas National"]
[WhiteTeamCountry "GRE"]
[BlackTeamCountry "GRE"]

1. e4 e6 2. d4 d5 3. Nc3 dxe4 4. Nxe4 Nd7 5. Nf3 Ngf6 6. Nxf6+ Nxf6 7. Bd3 c5 8. 0-0 Be7 9. c3 Bd7 10. Ne5 cxd4 11. cxd4 Rc8 12. Qf3 Bc6 13. Nxc6 bxc6 14. Ba6 Rc7 15. Bf4 Bd6 16. Bd2 Nd5 17. Ba5 Nb6 18. Rac1 Qf6 19. Qxf6 gxf6 20. Rc3 Rg8 21. Rfc1 Kd7 22. Rh3 h6 23. Bd2 c5 24. dxc5 Bxc5 25. b4 Bd6 26. Rxc7+ Kxc7 27. Rxh6 Rg4 28. Rxf6 Rd4 29. Rxf7+ Kc6 30. Bc3 Rd1+ 31. Bf1 Nd5 32. b5+ Kc5 33. Bg7 Nf4 34. g3 1-0

[Event "GRE-ch U16"]
[Site "Rio Achaia"]
[Date "2018.07.07"]
[Round "7"]
[White "Brokalakis Gounaris, Christos"]
[Black "Rousos, Stamatios"]
[Result "1/2-1/2"]
[WhiteElo "1901"]
[BlackElo "1700"]
[PlyCount "83"]
[EventDate "2018.07.03"]
[EventType "swiss"]
[EventRounds "9"]
[EventCountry "GRE"]
[SourceTitle "EXT 2019"]
[Source "ChessBase"]
[SourceDate "2018.10.10"]
[SourceVersion "1"]
[SourceVersionDate "2018.10.10"]
[SourceQuality "1"]

1. Nf3 Nf6 2. g3 d5 3. c4 e6 4. Bg2 d4 5. 0-0 c5 6. b3 Nc6 7. Bb2 Bd6 8. e3 e5 9. exd4 cxd4 10. Re1 0-0 11. d3 a5 12. a3 Nd7 13. Bc1 Nc5 14. Ng5 Be7 15. Ne4 Ne6 16. Qe2 f5 17. Ned2 Bf6 18. Bd5 Kh8 19. Bb2 Nc5 20. b4 axb4 21. Bxc6 bxc6 22. axb4 Rxa1 23. Bxa1 Na6 24. b5 Qa5 25. Nb3 Qa4 26. N1d2 cxb5 27. cxb5 Qxb5 28. Rb1 Qd5 29. f3 Nc5 30. Nxc5 Qxc5 31. Bb2 Re8 32. Nc4 e4 33. fxe4 fxe4 34. Ba3 Qa7 35. Nd6 Rf8 36. Nb5 Qf7 37. Bxf8 exd3 38. Qxd3 Qxf8 39. Nxd4 Qc5 40. Rd1 Bb7 41. Qe3 h6 42. Qe8+ 1/2-1/2

[Event "GRE-ch Schools Gymnasia-C 30th"]
[Site "Peristeri"]
[Date "2018.04.02"]
[Round "7"]
[White "Alexakis, Dimitris"]
[Black "Rousos, Stamatios"]
[Result "1-0"]
[WhiteElo "2290"]
[BlackElo "1720"]
[PlyCount "67"]
[EventDate "2018.04.01"]
[EventType "swiss (rapid)"]
[EventRounds "9"]
[EventCountry "GRE"]
[SourceTitle "EXT 2019"]
[Source "ChessBase"]
[SourceDate "2018.10.10"]
[SourceVersion "1"]
[SourceVersionDate "2018.10.10"]
[SourceQuality "1"]

1. e4 c5 2. Nf3 Nc6 3. d4 cxd4 4. Nxd4 g6 5. c4 Bg7 6. Be3 Nf6 7. Nc3 d6 8. Be2 0-0 9. 0-0 Bd7 10. f3 Nxd4 11. Bxd4 Bc6 12. b4 b6 13. Qd2 a5 14. a3 Nd7 15. Bxg7 Kxg7 16. Qd4+ Kg8 17. Nd5 Bxd5 18. cxd5 f5 19. exf5 Rxf5 20. f4 Nf6 21. g4 e5 22. dxe6 Rd5 23. Qe3 Rc8 24. Rac1 Rxc1 25. Rxc1 Kf8 26. Bf3 Rb5 27. Bc6 Rd5 28. g5 Rf5 29. gxf6 Qxf6 30. Re1 Qe7 31. Qd4 Kg8 32. Bd5 g5 33. Rc1 Rf8 34. Rc7 1-0

[Event "GRE-ch Schools Gymnasia-C 30th"]
[Site "Peristeri"]
[Date "2018.04.01"]
[Round "5"]
[White "Kontopanagos, Ioannis"]
[Black "Rousos, Stamatios"]
[Result "0-1"]
[WhiteElo "1395"]
[BlackElo "1720"]
[PlyCount "120"]
[EventDate "2018.04.01"]
[EventType "swiss (rapid)"]
[EventRounds "9"]
[EventCountry "GRE"]
[SourceTitle "EXT 2019"]
[Source "ChessBase"]
[SourceDate "2018.10.10"]
[SourceVersion "1"]
[SourceVersionDate "2018.10.10"]
[SourceQuality "1"]

1. d4 Nf6 2. c4 e6 3. Nc3 Bb4 4. Nf3 b6 5. Bg5 Bb7 6. e3 0-0 7. Bd3 d6 8. 0-0 Nbd7 9. e4 e5 10. a3 Bxc3 11. bxc3 h6 12. Bxf6 Qxf6 13. Qe2 exd4 14. cxd4 Rfe8 15. Rfe1 c5 16. d5 Nf8 17. a4 Ng6 18. Bc2 Bc8 19. h3 Nf4 20. Qe3 Bxh3 21. e5 dxe5 22. gxh3 Nxh3+ 23. Kf1 Nf4 24. a5 b5 25. cxb5 Nxd5 26. Qe4 Nf4 27. Rab1 Ng6 28. b6 axb6 29. Rxb6 Qd8 30. Rd1 Qc8 31. Kg2 Nf4+ 32. Kf1 Qh3+ 33. Ke1 Qh1+ 34. Kd2 Rad8+ 35. Kc1 Rxd1+ 36. Bxd1 Rd8 37. Nd2 Nd3+ 38. Kc2 Qg1 39. Rb1 Qxf2 40. Be2 Nb4+ 41. Kc3 Nd5+ 42. Kb2 Qg3 43. Bd3 Nf6 44. Qa4 Qxd3 45. Qc2 Qxd2 46. Qxd2 Rxd2+ 47. Kb3 Rd6 48. Ra1 Ra6 49. Kc4 Nd7 50. Kb5 Nb8 51. Kxc5 h5 52. Kb5 h4 53. Rd1 Rxa5+ 54. Kxa5 Nc6+ 55. Kb5 Nd4+ 56. Kc4 g5 57. Rh1 Kg7 58. Kd3 Kg6 59. Ke4 f6 60. Rh3 Kh5 0-1

[Event "GRE-chT 45th"]
[Site "Achaia"]
[Date "2017.07.05"]
[Round "4.15"]
[White "Rousos, Stamatios"]
[Black "Bebis, Epaminondas Alexand"]
[Result "0-1"]
[WhiteElo "1847"]
[BlackElo "1514"]
[PlyCount "76"]
[EventDate "2017.07.03"]
[EventType "team-swiss"]
[EventRounds "7"]
[EventCountry "GRE"]
[SourceTitle "CBM 179 Extra"]
[Source "ChessBase"]
[SourceDate "2017.08.23"]
[SourceVersion "1"]
[SourceVersionDate "2017.08.23"]
[SourceQuality "1"]
[WhiteTeam "Rhodes Knight"]
[BlackTeam "Ioannina"]
[WhiteTeamCountry "GRE"]
[BlackTeamCountry "GRE"]

1. e4 c6 2. Nc3 d5 3. Nf3 Nf6 4. e5 Ne4 5. d4 Nxc3 6. bxc3 c5 7. Bd3 c4 8. Be2 Qa5 9. Bd2 e6 10. 0-0 Nd7 11. Kh1 Ba3 12. Rb1 Nb6 13. Ng1 Na4 14. Bg4 h5 15. Bxh5 Bb2 16. Qg4 Qc7 17. Qxg7 Rxh5 18. Qg8+ Ke7 19. Bg5+ Rxg5 20. Qxg5+ Kd7 21. h4 Qd8 22. Qf4 Qf8 23. Nh3 Kc6 24. Rfe1 Bxc3 25. Rg1 Ba5 26. Qg4 Bd7 27. h5 Bd2 28. Qf3 Nc3 29. Ra1 Nb5 30. Qg4 Qh6 31. a4 Nc3 32. Qf3 Rh8 33. g4 Ne4 34. Qxf7 Rf8 35. Qe7 Rf3 36. Kg2 Rxh3 37. Kxh3 Qf4 38. Raf1 Ng5+ 0-1

[Event "GRE-ch U14"]
[Site "Achaia"]
[Date "2017.07.02"]
[Round "9"]
[White "Alexakis, Dimitris"]
[Black "Rousos, Stamatios"]
[Result "1-0"]
[WhiteElo "2044"]
[BlackElo "1857"]
[PlyCount "51"]
[EventDate "2017.06.26"]
[EventType "swiss"]
[EventRounds "9"]
[EventCountry "GRE"]
[SourceTitle "EXT 2018"]
[Source "ChessBase"]
[SourceDate "2017.10.13"]
[SourceVersion "1"]
[SourceVersionDate "2017.10.13"]
[SourceQuality "1"]

1. e4 c5 2. Nf3 d6 3. d4 cxd4 4. Nxd4 Nf6 5. Nc3 Nc6 6. Bg5 e6 7. Qd3 Be7 8. 0-0-0 0-0 9. h4 h6 10. Nxc6 bxc6 11. Kb1 Qa5 12. Bd2 Qc7 13. f3 Nd7 14. g4 a5 15. f4 d5 16. Qf3 dxe4 17. Nxe4 Bb7 18. Bg2 c5 19. g5 Kh7 20. Bc3 Bd5 21. Qe3 h5 22. f5 Rae8 23. f6 gxf6 24. gxf6 Bd6 25. Nxd6 Qxd6 26. Qg5 1-0

[Event "GRE-ch U14"]
[Site "Achaia"]
[Date "2017.07.01"]
[Round "8"]
[White "Rousos, Stamatios"]
[Black "Lianeris, Andreas"]
[Result "1-0"]
[WhiteElo "1857"]
[BlackElo "1630"]
[PlyCount "71"]
[EventDate "2017.06.26"]
[EventType "swiss"]
[EventRounds "9"]
[EventCountry "GRE"]
[SourceTitle "EXT 2018"]
[Source "ChessBase"]
[SourceDate "2017.10.13"]
[SourceVersion "1"]
[SourceVersionDate "2017.10.13"]
[SourceQuality "1"]

1. e4 c5 2. Nf3 Nc6 3. d4 cxd4 4. Nxd4 Nf6 5. Nc3 d6 6. Bg5 e6 7. Qd2 a6 8. 0-0-0 Bd7 9. f3 b5 10. Nxc6 Bxc6 11. h4 Be7 12. g4 Qb6 13. Be3 Qc7 14. g5 Nd7 15. Ne2 0-0 16. Nd4 Rac8 17. g6 Nc5 18. gxf7+ Rxf7 19. b4 Nxe4 20. fxe4 Bxe4 21. Rh2 e5 22. Nb3 Bxc2 23. Qxc2 Qb8 24. Nc5 dxc5 25. bxc5 e4 26. Bh3 Rcf8 27. Be6 Qe5 28. Bxf7+ Rxf7 29. Bd4 Qf4+ 30. Kb1 e3 31. Re2 Kh8 32. Rxe3 Qxh4 33. c6 Rf2 34. Rxe7 Qxe7 35. Qxf2 Qb4+ 36. Qb2 1-0

[Event "GRE-ch U14"]
[Site "Achaia"]
[Date "2017.06.28"]
[Round "4"]
[White "Rousos, Stamatios"]
[Black "Liakos, Christos Konstanti"]
[Result "1/2-1/2"]
[WhiteElo "1857"]
[BlackElo "1386"]
[PlyCount "88"]
[EventDate "2017.06.26"]
[EventType "swiss"]
[EventRounds "9"]
[EventCountry "GRE"]
[SourceTitle "EXT 2018"]
[Source "ChessBase"]
[SourceDate "2017.10.13"]
[SourceVersion "1"]
[SourceVersionDate "2017.10.13"]
[SourceQuality "1"]

1. e4 c5 2. Nf3 Nc6 3. Bb5 g6 4. Bxc6 bxc6 5. 0-0 Bg7 6. Re1 Nf6 7. c3 0-0 8. d4 cxd4 9. cxd4 a5 10. Nc3 Ba6 11. h3 Qb6 12. Rb1 d6 13. Bf4 c5 14. dxc5 Qxc5 15. Qd2 Rfd8 16. Rbc1 Qb4 17. a3 Qb3 18. Nd4 Qb7 19. Be3 Nxe4 20. Nxe4 Qxe4 21. Nc6 Rd7 22. Bf4 Qd3 23. Qxd3 Bxd3 24. Rxe7 Rxe7 25. Nxe7+ Kf8 26. Bxd6 Ke8 27. Rd1 Be4 28. f3 Bb7 29. b4 Rd8 30. Re1 Bd4+ 31. Kh1 Kd7 32. Bg3 axb4 33. axb4 Bc3 34. Re3 Bd4 35. Re2 Bf6 36. Nxg6 hxg6 37. Rd2+ Kc6 38. Rxd8 Bxd8 39. Be1 Ba6 40. h4 Kb5 41. Kh2 Bc8 42. g4 Be7 43. Kg3 Bd6+ 44. f4 Be6 1/2-1/2

[Event "GRE-chT 44th"]
[Site "Achaia"]
[Date "2016.07.09"]
[Round "6.15"]
[White "Makris, Spyridon Dionysios"]
[Black "Rousos, Stamatios"]
[Result "1/2-1/2"]
[WhiteElo "1739"]
[BlackElo "1569"]
[PlyCount "62"]
[EventDate "2016.07.05"]
[EventType "team-swiss"]
[EventRounds "7"]
[EventCountry "GRE"]
[SourceTitle "CBM 173 Extra"]
[Source "ChessBase"]
[SourceDate "2016.08.29"]
[SourceVersion "1"]
[SourceVersionDate "2016.08.29"]
[SourceQuality "1"]
[WhiteTeam "Corfu SPZ"]
[BlackTeam "Rhodes Knight"]
[WhiteTeamCountry "GRE"]
[BlackTeamCountry "GRE"]

1. e4 c5 2. d4 cxd4 3. c3 dxc3 4. Nxc3 Nc6 5. Nf3 d6 6. Bc4 e6 7. 0-0 Be7 8. Qe2 Nf6 9. Rd1 e5 10. Be3 0-0 11. Rac1 Ng4 12. h3 Nxe3 13. Qxe3 Be6 14. Bd5 Rb8 15. Bxc6 bxc6 16. Qxa7 Bf6 17. b3 d5 18. exd5 cxd5 19. Nxd5 Bxd5 20. Qc5 Rc8 21. Qxc8 Qxc8 22. Rxc8 Rxc8 23. Rxd5 Rc1+ 24. Kh2 e4 25. Ne5 Rc2 26. Ng4 Rxa2 27. Nxf6+ gxf6 28. Rf5 Kg7 29. Rf4 Re2 30. b4 Kg6 31. g4 Rb2 1/2-1/2

[Event "GRE-ch U14"]
[Site "Porto Rio"]
[Date "2016.07.03"]
[Round "8"]
[White "Marinakis, Hristos"]
[Black "Rousos, Stamatios"]
[Result "1-0"]
[WhiteElo "1773"]
[BlackElo "1569"]
[PlyCount "37"]
[EventDate "2016.06.28"]
[EventType "swiss"]
[EventRounds "9"]
[EventCountry "GRE"]
[SourceTitle "CBM 173 Extra"]
[Source "ChessBase"]
[SourceDate "2016.08.29"]
[SourceVersion "1"]
[SourceVersionDate "2016.08.29"]
[SourceQuality "1"]

1. d4 Nf6 2. Nf3 e6 3. Bf4 d5 4. e3 c5 5. c3 Bd6 6. Bg3 Nc6 7. Nbd2 0-0 8. Bd3 Re8 9. Ne5 Qc7 10. f4 b6 11. 0-0 Bb7 12. Bh4 Nd7 13. Bxh7+ Kxh7 14. Qh5+ Kg8 15. Qxf7+ Kh8 16. Nxd7 Ba6 17. Bf6 Re7 18. Bxg7+ Kh7 19. Nf6# 1-0

[Event "GRE-ch U14"]
[Site "Porto Rio"]
[Date "2016.06.29"]
[Round "2"]
[White "Rousos, Stamatios"]
[Black "Papadopoulos, Petros"]
[Result "1-0"]
[WhiteElo "1569"]
[BlackElo "1814"]
[PlyCount "51"]
[EventDate "2016.06.28"]
[EventType "swiss"]
[EventRounds "9"]
[EventCountry "GRE"]
[SourceTitle "CBM 173 Extra"]
[Source "ChessBase"]
[SourceDate "2016.08.29"]
[SourceVersion "1"]
[SourceVersionDate "2016.08.29"]
[SourceQuality "1"]

1. e4 d5 2. exd5 Nf6 3. Be2 Nxd5 4. d4 g6 5. Nf3 Bg7 6. 0-0 0-0 7. c4 Nf6 8. Nc3 e6 9. h3 b6 10. Bg5 Bb7 11. Qd2 Nbd7 12. Rad1 Qe7 13. Ne5 Rad8 14. Qf4 Rfe8 15. Bf3 Bxf3 16. Qxf3 Qf8 17. Nxd7 Nxd7 18. Bxd8 Rxd8 19. Qc6 Qd6 20. Qxd6 cxd6 21. Rfe1 Rc8 22. Ne4 Rxc4 23. Nxd6 Rxd4 24. Rxd4 Bxd4 25. Rd1 Bxb2 26. Nc4 1-0